| 000 | 00703nmc a2200265 a 4500 | ||
|---|---|---|---|
| 003 | AR-BaBNM | ||
| 005 | 20251128205156.0 | ||
| 008 | 066119s1985 ||||||||||||||000 | spa|| | ||
| 020 | _a950-21-0276-2 | ||
| 040 | _cAR-BaBNM | ||
| 100 | 1 | _aFinkel, Berta | |
| 245 | 1 | 0 | _a¡Chúmbale, Bob! |
| 260 |
_aBuenos Aires _bPlus Ultra _c1985 |
||
| 300 | 0 |
_a94 p. _bil. |
|
| 490 | 0 |
_aPara leer y comentar. Tejados rojos _vv. 28 |
|
| 650 | 4 | _aLIBROS PARA NINOS | |
| 650 | 4 | _aACTIVIDADES DE APRENDIZAJE | |
| 650 | 4 | _aLITERATURA INFANTIL | |
| 653 | 0 | _aNARRATIVA | |
| 655 | _aLITERATURA | ||
| 700 | 1 |
_aCernadas, Amalia _eilustrador |
|
| 800 | 1 | _aLacau, María Hortensia | |
| 942 | _cBK | ||
| 998 | _cMARTIN | ||
| 999 |
_c10300 _d10300 |
||